000 01114nam a2200241Ia 4500
999 _c37395
_d37395
001 3354
003 GE_BSU
005 20190605184259.0
008 181216s1991||||ge |||||||||||||| ||geo||
040 _cGE_BSU
041 _ageo
080 _a539.3+539.52 დ– 82
245 _aდრეკადობის და პლასტიკურობის თეორიის საფუძვლები : დამხმ. სახელმძღ. /
_cდ. დანელია ; ზ. მაძაღუა ; თ. კვარაცხელია ; ზ. ანთელიძე.
264 _aთბილისი :
_bსტუ,
_c1997.
300 _a80 გვ .:
_c20 სმ.
653 _aდრეკადობის და პლასტიკურობის თეორია
700 _aდანელია, დ
_92173
700 _aმაძაღუა,ზ
_92174
700 _aკვარაცხელია, თ
_92175
700 _aანთელიძე, ზ
_92176
700 _aგიორგაძე, ე
_eრედაქტორი
_9398
942 _cBK
_2udc